Influencia del material pasando la malla #200 (ASTM), en mezclas de concreto elaboradas con cementos portland con adiciones

Na minha lista:
Detalhes bibliográficos
Autor principal: Oreamuno Hernández, Juan Carlos
Formato: Livro
Publicado em: [San José , Costa Rica] 1996
Assuntos:
Tags: Adicionar Tag
Sem tags, seja o primeiro a adicionar uma tag!

MARC

LEADER 00000nam a2200000Ia 4500
003 007846
005 20221231144249.0
008 140114s1996 cr a m 000 ||s d
040 |c cru CEDI 
090 |a TFG 3409 
100 |a Oreamuno Hernández, Juan Carlos  |9 10502 
245 |a Influencia del material pasando la malla #200 (ASTM), en mezclas de concreto elaboradas con cementos portland con adiciones 
260 |c 1996  |a  [San José , Costa Rica] 
300 |a  xii, 142 hojas : ilustraciones  
500 |a  Proyecto de graduación (licenciatura en ingeniería civil)--Universidad de Costa Rica. Facultad de Ingeniería. Escuela de Ingeniería Civil 
650 |x HORMIGON - MEZCLAS   |x CEMENTO PORTLAND  |9 10503 
942 |c TFG 
999 |c 19285  |d 19285